| 000 | 00644nam a22002057a 4500 | ||
|---|---|---|---|
| 999 |
_c34949 _d34949 |
||
| 003 | OSt | ||
| 005 | 20240507222730.0 | ||
| 008 | 240503b ||||| |||| 00| 0 eng d | ||
| 020 | _a 978-0-358-38023-8 | ||
| 040 | _cBCRI | ||
| 082 | _a823 | ||
| 100 | 1 |
_932737 _aTolkien, J.R.R. _d1892-1973 |
|
| 245 |
_aThe Fellowship of the Ring : _bbeing the First Part of The Lord of the Rings _cJ.R.R. Tolkien |
||
| 260 |
_aEstados Unidos _bClarion Books _c2020 |
||
| 300 |
_aXXVII. 506 p. _bil. _c20 cm. |
||
| 490 | _aThe Lord of the Rings | ||
| 546 | _aContenido en idioma inglés. | ||
| 650 | 0 |
_911162 _aNovela inglesa |
|
| 942 |
_2ddc _cBK _hprozim |
||